<?xml version="1.0" encoding="UTF-8"?><?xml-stylesheet type="text/xsl" href="static/style.xsl"?><OAI-PMH xmlns="http://www.openarchives.org/OAI/2.0/" xmlns:xsi="http://www.w3.org/2001/XMLSchema-instance" xsi:schemaLocation="http://www.openarchives.org/OAI/2.0/ http://www.openarchives.org/OAI/2.0/OAI-PMH.xsd"><responseDate>2026-06-01T12:32:43Z</responseDate><request verb="GetRecord" identifier="oai:riuma.uma.es:10630/36789" metadataPrefix="marc">https://riuma.uma.es/rest/oai/request</request><GetRecord><record><header><identifier>oai:riuma.uma.es:10630/36789</identifier><datestamp>2026-02-03T10:52:10Z</datestamp><setSpec>com_10630_2254</setSpec><setSpec>col_10630_37953</setSpec></header><metadata><record xmlns="http://www.loc.gov/MARC21/slim" xmlns:dcterms="http://purl.org/dc/terms/" xmlns:doc="http://www.lyncode.com/xoai" xmlns:xsi="http://www.w3.org/2001/XMLSchema-instance" xsi:schemaLocation="http://www.loc.gov/MARC21/slim http://www.loc.gov/standards/marcxml/schema/MARC21slim.xsd">
   <leader>00925njm 22002777a 4500</leader>
   <datafield ind2=" " ind1=" " tag="042">
      <subfield code="a">dc</subfield>
   </datafield>
   <datafield ind2=" " ind1=" " tag="720">
      <subfield code="a">Ruiz-Muñoz, Blanca</subfield>
      <subfield code="e">author</subfield>
   </datafield>
   <datafield ind2=" " ind1=" " tag="720">
      <subfield code="a">Rodríguez-García, María</subfield>
      <subfield code="e">author</subfield>
   </datafield>
   <datafield ind2=" " ind1=" " tag="720">
      <subfield code="a">Heredia Ponce, Zaira María</subfield>
      <subfield code="e">author</subfield>
   </datafield>
   <datafield ind2=" " ind1=" " tag="720">
      <subfield code="a">Tienda, Sandra</subfield>
      <subfield code="e">author</subfield>
   </datafield>
   <datafield ind2=" " ind1=" " tag="720">
      <subfield code="a">Villar-Moreno, Rafael</subfield>
      <subfield code="e">author</subfield>
   </datafield>
   <datafield ind2=" " ind1=" " tag="720">
      <subfield code="a">Arrebola-Díez, Eva María</subfield>
      <subfield code="e">author</subfield>
   </datafield>
   <datafield ind2=" " ind1=" " tag="720">
      <subfield code="a">De-Vicente-Moreno, Antonio</subfield>
      <subfield code="e">author</subfield>
   </datafield>
   <datafield ind2=" " ind1=" " tag="720">
      <subfield code="a">Cazorla-López, Francisco Manuel</subfield>
      <subfield code="e">author</subfield>
   </datafield>
   <datafield ind2=" " ind1=" " tag="720">
      <subfield code="a">Gutiérrez Barranquero, José Antonio</subfield>
      <subfield code="e">author</subfield>
   </datafield>
   <datafield ind2=" " ind1=" " tag="260">
      <subfield code="c">2025-01-22</subfield>
   </datafield>
   <datafield ind2=" " ind1=" " tag="520">
      <subfield code="a">Aims&#xd;
Pseudomonas chlororaphis PCL1606 (PcPCL1606), displays strong antagonistic and biological control abilities against several soil-borne fungal pathogens mainly due to the production of the antifungal molecule 2-hexyl, 5-propyl resorcinol (HPR). HPR governs other beneficial phenotypes, suggesting its additional regulatory activity. Published transcriptomic data identifying HPR-regulated genes involved in the interaction of PcPCL1606 with the avocado rhizosphere were used as a target database to identify putative genes involved in avocado roots colonization.&#xd;
Methods&#xd;
The induction of several consecutive genes that showed homology with genes encoding a putative type IV Flp/Tad (tight adherence) pilus but with a few differences from the Tad type A and B was observed. To study the role of this tad-like gene cluster in the biology of PcPCL1606, a chromosomal deletion mutant was constructed. The molecular characterization of the tad-like gene cluster and different in vitro and in vivo phenotypes related to colonization were addressed in the mutant strain respect to PcPCL1606.&#xd;
Results&#xd;
The tad-like gene cluster was composed of five independent transcriptional units. Furthermore, the tad-like deletion mutant was impaired in early attachment, early biofilm formation, bacterial autoggregation and in root competitiveness in avocado plants and biocontrol activity against R. necatrix.&#xd;
Conclusions&#xd;
These results expand our understanding about the role of HPR as a putative signalling molecule. This study revealed the importance of a putative novel type of a Tad system of PcPCL1606 in the avocado roots colonization, confirming that initial attachment to roots is a fundamental mechanism for the PcPCL1606 rhizospheric performance.</subfield>
   </datafield>
   <datafield ind1="8" ind2=" " tag="024">
      <subfield code="a">Ruiz-Muñoz, B., Rodríguez-García, M., Heredia-Ponce, Z. et al. A putative novel type of tight adherence (tad) like gene cluster of Pseudomonas chlororaphis PCL1606 exhibits a crucial role in avocado roots colonization, fostering its biological control activity. Plant Soil (2025). https://doi.org/10.1007/s11104-024-07200-w</subfield>
   </datafield>
   <datafield ind1="8" ind2=" " tag="024">
      <subfield code="a">https://hdl.handle.net/10630/36789</subfield>
   </datafield>
   <datafield ind1="8" ind2=" " tag="024">
      <subfield code="a">10.1007/s11104-024-07200-w</subfield>
   </datafield>
   <datafield tag="653" ind2=" " ind1=" ">
      <subfield code="a">Rizobacterias</subfield>
   </datafield>
   <datafield tag="653" ind2=" " ind1=" ">
      <subfield code="a">Agentes antifúngicos</subfield>
   </datafield>
   <datafield ind2="0" ind1="0" tag="245">
      <subfield code="a">A putative novel type of tight adherence (tad) like gene cluster of Pseudomonas Chlororaphis PCL1606 exhibits a crucial role in avocado roots colonization, fostering its biological control activity</subfield>
   </datafield>
</record>
</metadata></record></GetRecord></OAI-PMH>